MARC
| LEADER | 00000nam a2200000Ia 4500 | ||
|---|---|---|---|
| 008 | 170316s9999 xx 000 0 und d | ||
| 090 | |a 801 A-5t | ||
| 100 | |a Ainsa, F. et al. | ||
| 245 | |a Teoría de la novela | ||
| 260 | |a Madrid, España | ||
| 260 | |b SEEL | ||
| 260 | |c 1976 | ||
| 300 | |a 533 páginas | ||
| 650 | |a TEORÍA LITERARIA | ||
| 650 | |a NARRATIVA LATINOAMERICANA | ||
| 650 | |a NOVELA ACTUAL | ||
| 650 | |a REALISMO MAGICO | ||
| 999 | |c 20049 |d 20049 | ||
| 040 | |a cru BVZT | ||
| 942 | |c 15 D |h 801 A-5t |2 z | ||
